000 00301 a2200121 4500
000 nam a22 7a 4500
005 20260311093338.0
020 _a9780670096312
100 _aSuraj Milind Yengde
_91131584
245 _aCaste: A Global Story
260 _bPenguin Random House
_c2025
942 _cAUD
999 _c1715069
_d1715069